| 000 | 00348nam a2200121Ia 4500 | ||
|---|---|---|---|
| 005 | 20260328104317.0 | ||
| 008 | 260328s9999||||xx |||||||||||||| ||und|| | ||
| 100 | _aHeyer, Paul | ||
| 245 | 0 |
_aMexican Architecture : _b The Work of Abraham Zabludovsky and Teodoro González de León / _cPaul Heyer |
|
| 300 | _a141 p. | ||
| 650 | _aMEXICO | ||
| 942 | _cBK | ||
| 999 |
_c11198 _d11198 |
||